LIBRARY ONLINE CATALOGUE

Microeconomic analysis. (Record no. 518)

MARC details
000 -LEADER
fixed length control field 00560nam a22002052 4500
001 - CONTROL NUMBER
control field 0000004263
005 - DATE AND TIME OF LATEST TRANSACTION
control field 20151021151103.0
008 - FIXED-LENGTH DATA ELEMENTS--GENERAL INFORMATION
fixed length control field 070522s xx 000 0 eng d
020 ## - INTERNATIONAL STANDARD BOOK NUMBER
International Standard Book Number 8122403786 :
Terms of availability KES 405
040 ## - CATALOGING SOURCE
Original cataloging agency KABU
Transcribing agency KABU
050 #0 - LIBRARY OF CONGRESS CALL NUMBER
Classification number HB172
Item number .B37
100 1# - MAIN ENTRY--PERSONAL NAME
Personal name Barthwal, R. R.
-- 0000154737
245 10 - TITLE STATEMENT
Title Microeconomic analysis.
260 ## - PUBLICATION, DISTRIBUTION, ETC. (IMPRINT)
Place of publication, distribution, etc. New Delhi :
Name of publisher, distributor, etc. New Age,
Date of publication, distribution, etc. 1992.
300 ## - PHYSICAL DESCRIPTION
Extent xi, 445 p.
650 #0 - SUBJECT ADDED ENTRY--TOPICAL TERM
Topical term or geographic name as entry element Microeconomics.
-- 0000149944
908 ## - PUT COMMAND PARAMETER (RLIN)
Put command parameter 070522
950 ## - LOCAL HOLDINGS (RLIN)
-- 1
Holdings
Withdrawn status Lost status Source of classification or shelving scheme Damaged status Not for loan Home library Current library Date acquired Total Checkouts Full call number Barcode Date last seen Date last checked out Price effective from Koha item type
    Library of Congress Classification     Kabarak, Main Campus Kabarak, Main Campus 17/12/2015 5 HB172 .B37 001043 02/08/2024 18/11/2021 17/12/2015 General Collection
    Library of Congress Classification     Kabarak, Main Campus Kabarak, Main Campus 17/12/2015   HB172 .B37 001044 17/12/2015   17/12/2015 General Collection
  Lost and Paid For Library of Congress Classification     Kabarak, Nakuru City Campus Kabarak, Nakuru City Campus 21/10/2015 1 HB172 .B37 004347 30/10/2017 25/01/2016 21/10/2015 General Collection